[Event "Meow! #24W"]
[Site "http://www.queenalice.com/game.php?id=1091274"]
[Date "2012.8.7"]
[Round "-"]
[White "aspiemeow"]
[Black "kuntakinte"]
[Result "1-0"]
[WhiteElo "1715"]
[BlackElo "1700"]

1. c4 e5 2. g3 Nf6 3. Bg2 e4 4. Nc3 c6 5. f3 exf3 6. Nxf3 d5 7. cxd5 cxd5 8. d4
Bb4 9. Qd3 O-O 10. O-O Nc6 11. Bg5 Be7 12. e3 Nb4 13. Qd2 Ne4 14. Nxe4 dxe4 15.
Bxe7 Qxe7 16. Ne5 f6 17. Nc4 Nc6 18. Qc2 b5 19. Nd2 Nb4 20. Qxe4 Qxe4 21. Bxe4
Rb8 22. a3 Na6 23. Rac1 b4 24. axb4 Nxb4 25. b3 f5 26. Bg2 Nd3 27. Rc3 Ba6 28.
Bd5+ Kh8 29. Bc4 Bxc4 30. Nxc4 Nc5 31. dxc5 Rbc8 32. Ne5 a5 33. Rfc1 Kg8 34. Kf2
Rfe8 35. Nf3 h6 36. Nd4 g6 37. c6 Re5 38. Rc5 Rxc5 39. Rxc5 Kf7 40. Rxa5 Rc7 41.
Rc5 Ke7 42. b4 Kd8 43. b5 1-0

[Event "Meow! #25B"]
[Site "http://www.queenalice.com/game.php?id=1091389"]
[Date "2012.8.8"]
[Round "-"]
[White "plot24"]
[Black "aspiemeow"]
[Result "0-1"]
[WhiteElo "1702"]
[BlackElo "1626"]

1. d4 e6 2. c4 d5 3. Nc3 Nf6 4. Nf3 Nbd7 5. e3 b6 6. Bd3 dxc4 7. Bxc4 Bb7 8. O-O
Bd6 9. Bd2 O-O 10. Re1 Ne4 11. Re2 Ndf6 12. Ne1 Bxh2+ 13. Kf1 Bd6 14. Nxe4 Nxe4
0-1

[Event "Meow! #25W"]
[Site "http://www.queenalice.com/game.php?id=1091390"]
[Date "2012.8.8"]
[Round "-"]
[White "aspiemeow"]
[Black "plot24"]
[Result "1-0"]
[WhiteElo "1568"]
[BlackElo "1684"]

1. c4 e6 2. g3 d5 3. Bg2 Nf6 4. Nf3 c6 5. O-O dxc4 6. Qc2 Bd6 7. Qxc4 O-O 8. Nc3
b6 9. d4 Bb7 10. e4 e5 11. dxe5 1-0

[Event "Meow! #22B"]
[Site "http://www.queenalice.com/game.php?id=1091432"]
[Date "2012.8.8"]
[Round "-"]
[White "streetcar277"]
[Black "aspiemeow"]
[Result "1-0"]
[WhiteElo "1594"]
[BlackElo "1723"]

1. e4 e6 2. Nc3 d5 3. exd5 exd5 4. d4 Nc6 5. Bb5 Nf6 6. Bg5 Bb4 7. Ne2 Qd6 8.
O-O O-O 9. Bxf6 gxf6 10. Ng3 Bxc3 11. bxc3 Kh8 12. Qh5 Be6 13. Bd3 f5 14. Nxf5
Qd7 15. Ne7 f5 16. Ng6+ 1-0

[Event "Meow! #22W"]
[Site "http://www.queenalice.com/game.php?id=1091438"]
[Date "2012.8.8"]
[Round "-"]
[White "aspiemeow"]
[Black "soudeDeus"]
[Result "1-0"]
[WhiteElo "1679"]
[BlackElo "1574"]

1. c4 g6 2. g3 Bg7 3. Bg2 c6 4. Nc3 b6 5. Rb1 Bb7 6. e4 Na6 7. f4 Rb8 8. e5 c5
9. Bxb7 Rxb7 10. Qa4 Nb4 11. Nf3 a5 12. O-O Qc7 13. Nd5 Nxd5 14. cxd5 Kd8 15. d4
d6 16. Be3 f6 17. dxc5 dxc5 18. d6 exd6 19. exd6 Qxd6 20. Rbd1 Ke7 21. Rxd6 Kxd6
22. Rd1+ Ke6 23. Qc6+ Kf7 24. Qxb7+ Ne7 25. Rd7 Re8 26. Qxb6 c4 27. Qxa5 Bh6 28.
Bc5 g5 29. Qb4 Bf8 30. Qxc4+ Kg6 31. Qe4+ Kg7 32. Bxe7 Bxe7 33. Rxe7+ Rxe7 34.
Qxe7+ Kg6 35. fxg5 fxg5 36. Qxg5+ Kf7 37. Qh6 Kg8 38. Ng5 Kh8 39. Qxh7# 1-0

[Event "Meow! #26B"]
[Site "http://www.queenalice.com/game.php?id=1104813"]
[Date "2012.9.20"]
[Round "-"]
[White "adelio"]
[Black "aspiemeow"]
[Result "0-1"]
[WhiteElo "1764"]
[BlackElo "1754"]

1. f4 d5 2. d4 Nf6 3. c4 e6 4. a3 b6 5. Nc3 Bb7 6. e3 Nbd7 7. Nf3 c5 8. Ra2 Qc7
9. b3 Bd6 10. h4 cxd4 11. Nxd4 Nc5 12. Nf3 Nce4 13. Nxe4 Nxe4 14. h5 h6 15. Rh3
Nc3 16. Qc2 Nxa2 17. Ne5 Nxc1 18. Qxc1 Bxe5 19. fxe5 Qxe5 20. cxd5 Bxd5 21. Bb5+
Ke7 22. Qd2 Rhd8 23. Qb4+ Kf6 24. Qh4+ Qg5 25. Qxg5+ Kxg5 26. Be2 Rac8 27. Rg3+
Kf6 28. b4 Be4 29. Kf2 Rd2 30. Rg4 Bf5 31. Rf4 Rcc2 32. g4 Rxe2+ 33. Kg1 Re1+
34. Rf1 Rxf1+ 35. Kxf1 Bxg4 36. Kg1 Ke5 37. Kf1 Ke4 38. Kg1 Kf3 39. Kh1 Kg3 40.
a4 Rc1# 0-1

[Event "Meow! #27W"]
[Site "http://www.queenalice.com/game.php?id=1104814"]
[Date "2012.9.20"]
[Round "-"]
[White "aspiemeow"]
[Black "adelio"]
[Result "1-0"]
[WhiteElo "1792"]
[BlackElo "1725"]

1. c4 e5 2. g3 c5 3. Nc3 Ne7 4. Bg2 Nbc6 5. d3 a6 6. Bg5 f6 7. Be3 b6 8. a3 Qc7
9. b4 Ng6 10. b5 axb5 11. cxb5 Ra7 12. bxc6 dxc6 13. a4 Be6 14. Nf3 h5 15. O-O
Qc8 16. Bh1 Bh3 17. Re1 h4 18. Qb3 hxg3 19. fxg3 Bd6 20. Reb1 Nf4 21. Qxb6 Re7
22. Ne1 g5 23. Bxc6+ Kf7 24. Bf3 Bc7 25. Qxc5 Nxe2+ 26. Nxe2 Be6 27. a5 Ree8 28.
Bb7 Qd8 29. a6 g4 30. d4 Rh5 31. Nd3 Reh8 32. Kf1 exd4 33. Qxd4 Rxh2 34. Bg1
Bxg3 35. Nxg3 Qxd4 36. Bxd4 Bc4 37. Ra3 R8h3 38. Bf2 f5 39. a7 f4 40. a8=Q f3
41. Bd5+ Bxd5 42. Qxd5+ Kf8 43. Rb8+ Ke7 44. Ra7+ Kf6 45. Rb6# 1-0

[Event "Meow! #26W"]
[Site "http://www.queenalice.com/game.php?id=1104817"]
[Date "2012.9.20"]
[Round "-"]
[White "aspiemeow"]
[Black "kinghenry"]
[Result "1-0"]
[WhiteElo "1805"]
[BlackElo "1694"]

1. c4 b6 2. Nc3 Bb7 3. e4 e6 4. Nge2 Nf6 5. d3 d5 6. cxd5 exd5 7. exd5 Nxd5 8.
d4 Bb4 9. Qb3 Bxc3+ 10. Nxc3 Qe7+ 11. Kd1 Nf4 12. Bxf4 Qh4 13. Be3 Qg4+ 14. f3
Qd7 15. Bc4 O-O 16. Kc2 a6 17. Bd3 Nc6 18. Rae1 Rae8 19. Qc4 Na5 20. Qb4 Nc6 21.
Qa4 Ra8 22. d5 Nb8 23. Qh4 g6 24. Ne4 Qa4+ 25. b3 Qxa2+ 26. Kc3 Nd7 27. Bd4 Qa5+
28. Kb2 f6 29. Nxf6+ Nxf6 30. Bxf6 Qd2+ 31. Bc2 Bxd5 32. Bc3 Qxg2 33. Rhg1 Bxf3
34. Rxg2 Bxg2 35. Re7 h5 36. Rg7+ Kh8 37. Qxh5+ gxh5 38. Rg4+ Rf6 39. Bxf6# 1-0

[Event "Meow! #27B"]
[Site "http://www.queenalice.com/game.php?id=1104819"]
[Date "2012.9.20"]
[Round "-"]
[White "CNJEDUARDO"]
[Black "aspiemeow"]
[Result "1-0"]
[WhiteElo "1682"]
[BlackElo "1797"]

1. d4 e6 2. e4 d5 3. Nd2 dxe4 4. Nxe4 Bd7 5. Nf3 Bc6 6. Bd3 Nd7 7. O-O Ngf6 8.
Ng3 Be7 9. Qe2 Bxf3 10. Qxf3 c6 11. Bd2 O-O 12. c3 Qc7 13. h3 h6 14. Rae1 Rfe8
15. Ne4 Nxe4 16. Rxe4 Nf6 17. Re5 Nd5 18. g4 Bf6 19. Rh5 Kf8 20. c4 Nb6 21. Bxh6
gxh6 22. Qxf6 1-0

[Event "Meow! #28W"]
[Site "http://www.queenalice.com/game.php?id=1105614"]
[Date "2012.9.23"]
[Round "-"]
[White "aspiemeow"]
[Black "mickke"]
[Result "0-1"]
[WhiteElo "1740"]
[BlackElo "1954"]

1. c4 e5 2. g3 Nf6 3. Bg2 c6 4. Nc3 Bb4 5. d4 exd4 6. Qxd4 O-O 7. Bg5 Be7 8. Nf3
h6 9. Bf4 Na6 10. O-O-O Re8 11. e4 Bc5 12. Qd2 Bb4 13. Rhe1 Nxe4 14. Qc2 Nxc3
15. bxc3 Ba3+ 16. Kb1 Rxe1 17. Rxe1 d6 18. Nd4 Bg4 19. h3 Bh5 0-1

[Event "Meow! #28B"]
[Site "http://www.queenalice.com/game.php?id=1105615"]
[Date "2012.9.23"]
[Round "-"]
[White "mickke"]
[Black "aspiemeow"]
[Result "1-0"]
[WhiteElo "1934"]
[BlackElo "1804"]

1. c4 e6 2. Nc3 Nf6 3. g3 Bb4 4. Bg2 O-O 5. a3 Bxc3 6. dxc3 e5 7. Be3 d6 8. Bd2
Re8 9. e4 Be6 10. b3 h6 11. Ne2 a5 12. a4 Nbd7 13. Nc1 Nc5 14. Qc2 Qd7 15. O-O
Bh3 16. Re1 b6 17. b4 axb4 18. cxb4 Nxa4 19. Bxh3 Qxh3 20. Rxa4 Ng4 21. Be3
Qxh2+ 22. Kf1 Rxa4 23. Qxa4 Rc8 24. Ke2 Nf6 25. Kd3 Qg2 26. Qc6 Qh3 27. Ne2 Qe6
28. Nc3 1-0

[Event "Meow! #29W"]
[Site "http://www.queenalice.com/game.php?id=1107293"]
[Date "2012.9.29"]
[Round "-"]
[White "aspiemeow"]
[Black "spawnwolfwolverine"]
[Result "1/2-1/2"]
[WhiteElo "1831"]
[BlackElo "1832"]

1. c4 e5 2. g3 d6 3. Bg2 Nc6 4. Nc3 Bd7 5. d3 g6 6. Nf3 Bh6 7. O-O Bxc1 8. Rxc1
Nf6 9. Ne1 O-O 10. Nc2 a6 11. b4 Rb8 12. Qd2 Nd4 13. a4 Nxc2 14. Rxc2 b6 15. Rb1
c5 16. b5 a5 17. Nd5 Nxd5 18. Bxd5 Be6 19. Bc6 f5 20. Qh6 f4 21. Kg2 d5 22. cxd5
Bxd5+ 23. Bxd5+ Qxd5+ 24. f3 fxg3 25. hxg3 Qd4 26. Rc4 Qd5 27. Rh1 Rb7 28. Qe3
Rbf7 29. Rhh4 e4 30. Rhxe4 Qh5 1/2-1/2

[Event "Meow! #29B"]
[Site "http://www.queenalice.com/game.php?id=1107294"]
[Date "2012.9.29"]
[Round "-"]
[White "digger"]
[Black "aspiemeow"]
[Result "1-0"]
[WhiteElo "1552"]
[BlackElo "1733"]

1. e4 e6 2. d4 d5 3. e5 b6 4. a4 Ba6 5. Bb5+ Bxb5 6. axb5 g6 7. Nf3 Bg7 8. O-O
Ne7 9. Ng5 O-O 10. Qg4 Nf5 11. Nc3 Qe7 12. Qh3 h5 13. f3 Nxd4 14. f4 Nf5 15. Qd3
c5 16. bxc6 Nxc6 17. Rf2 f6 18. exf6 Bxf6 19. h3 Bxg5 20. fxg5 Qc5 21. Bd2 Rfe8
22. b4 Nxb4 23. Qe2 Nxc2 24. Rc1 Ncd4 25. Qd3 Rad8 26. Na4 Qd6 27. Bc3 e5 28.
Re1 Nc6 29. g4 hxg4 30. hxg4 Nfd4 31. Rf6 Re6 32. Rxe6 Qxe6 33. Qg3 1-0

[Event "Meow! #30W"]
[Site "http://www.queenalice.com/game.php?id=1107624"]
[Date "2012.9.29"]
[Round "-"]
[White "aspiemeow"]
[Black "spawnwolfwolverine"]
[Result "0-1"]
[WhiteElo "1778"]
[BlackElo "1781"]

1. c4 e5 2. g3 d6 3. Bg2 Nc6 4. Nc3 Be6 5. d3 g6 6. e4 Bh6 7. Bxh6 Nxh6 8. Qd2
Ng8 9. Nge2 Nge7 10. Qh6 Kd7 11. O-O a6 12. Rad1 f5 13. b3 Nd4 14. Nxd4 exd4 15.
Ne2 c5 16. Qg7 Rb8 17. exf5 Bxf5 18. b4 b6 19. h3 Kc7 20. g4 Be6 21. Rde1 Qf8
22. Qxf8 Rbxf8 23. Nxd4 cxd4 24. Rxe6 Nc6 25. a3 Ne5 26. Rd1 h5 27. g5 h4 0-1

[Event "Meow! #30B"]
[Site "http://www.queenalice.com/game.php?id=1107626"]
[Date "2012.9.29"]
[Round "-"]
[White "Rider"]
[Black "aspiemeow"]
[Result "1-0"]
[WhiteElo "1587"]
[BlackElo "1710"]

1. e4 e6 2. d4 d5 3. e5 b6 4. c4 Bb7 5. cxd5 Bxd5 6. Bb5+ Bc6 7. Bxc6+ Nxc6 8.
Be3 Nge7 9. Nf3 Nd5 10. O-O h6 11. Re1 Qd7 12. Qc2 Ncb4 13. Qb3 O-O-O 14. Nbd2
Kb7 15. a3 Na6 16. Ne4 c6 17. Nfd2 Nac7 18. Qc2 Be7 19. Qb3 g6 20. Nc4 Nb5 21.
a4 Nbc7 22. Rec1 1-0

[Event "Meow! #32W"]
[Site "http://www.queenalice.com/game.php?id=1112520"]
[Date "2012.10.14"]
[Round "-"]
[White "aspiemeow"]
[Black "spawnwolfwolverine"]
[Result "0-1"]
[WhiteElo "1824"]
[BlackElo "1733"]

1. c4 d6 2. g3 e5 3. Bg2 Nc6 4. Nc3 Be6 5. d3 g6 6. Nf3 Bh6 7. e3 Nge7 8. Nd2
O-O 9. O-O a6 10. Rb1 f5 11. b4 Rb8 12. a4 b6 13. Ba3 f4 0-1

[Event "Meow! #32B"]
[Site "http://www.queenalice.com/game.php?id=1112522"]
[Date "2012.10.14"]
[Round "-"]
[White "spawnwolfwolverine"]
[Black "aspiemeow"]
[Result "1-0"]
[WhiteElo "1768"]
[BlackElo "1762"]

1. d4 e6 2. e3 Nf6 3. g3 d5 4. Nh3 c5 5. Bg2 Nc6 6. b3 cxd4 7. exd4 e5 8. dxe5
Nxe5 9. Bb2 Bxh3 10. Bxh3 Bc5 11. Bxe5 Qe7 12. f4 Bd4 13. Nd2 Bxa1 14. Qxa1 O-O
15. O-O Qc5+ 16. Kh1 Qxc2 17. Nf3 Qg6 18. Bxf6 Qxf6 19. Qxf6 gxf6 20. Rd1 Rad8
21. Nd4 1-0

[Event "Meow! #33W"]
[Site "http://www.queenalice.com/game.php?id=1114326"]
[Date "2012.10.20"]
[Round "-"]
[White "aspiemeow"]
[Black "Greeley"]
[Result "0-1"]
[WhiteElo "1746"]
[BlackElo "1985"]

1. c4 Nh6 2. g3 f6 3. Bg2 c6 4. Nc3 g6 5. d3 Bg7 6. Nf3 O-O 7. O-O f5 8. Bxh6
Bxh6 9. e3 d6 10. d4 Nd7 11. b4 e5 12. dxe5 Nxe5 13. Nxe5 dxe5 14. Qb3 Be6 15.
Rfd1 Qe7 0-1

[Event "Meow! #33B"]
[Site "http://www.queenalice.com/game.php?id=1114327"]
[Date "2012.10.20"]
[Round "-"]
[White "Greeley"]
[Black "aspiemeow"]
[Result "1-0"]
[WhiteElo "1976"]
[BlackElo "1834"]

1. b4 d5 2. Bb2 e6 3. e3 Bxb4 4. Bxg7 f6 5. Bxh8 Qe7 6. c4 h6 7. cxd5 exd5 8.
Qh5+ Kf8 9. Qxd5 Nc6 10. Bc4 Qh7 11. Qxg8+ Qxg8 12. Bxg8 Kxg8 13. Bxf6 1-0

[Event "Meow! #34W"]
[Site "http://www.queenalice.com/game.php?id=1114328"]
[Date "2012.10.20"]
[Round "-"]
[White "aspiemeow"]
[Black "Greeley"]
[Result "0-1"]
[WhiteElo "1785"]
[BlackElo "2002"]

1. c4 b6 2. Nc3 e6 3. e4 Bb7 4. Nge2 Nc6 5. g3 Nf6 6. Bg2 Bb4 7. O-O O-O 8. d3
Bxc3 9. Nxc3 e5 10. f4 d6 11. Ne2 Re8 12. b3 a5 13. Bb2 Qe7 0-1

[Event "Meow! #34B"]
[Site "http://www.queenalice.com/game.php?id=1114329"]
[Date "2012.10.20"]
[Round "-"]
[White "Greeley"]
[Black "aspiemeow"]
[Result "1-0"]
[WhiteElo "1994"]
[BlackElo "1793"]

1. e4 e6 2. b3 d5 3. Bb2 Nf6 4. exd5 exd5 5. Nf3 Bf5 6. Be2 c5 7. O-O Nc6 8. d4
cxd4 9. Nxd4 Bg6 10. Bb5 Qb6 11. Qe2+ Be7 12. Na3 O-O 13. Nxc6 Bxa3 14. Bxa3
bxc6 15. Bxf8 1-0

[Event "Meow! #31W"]
[Site "http://www.queenalice.com/game.php?id=1114455"]
[Date "2012.10.20"]
[Round "-"]
[White "aspiemeow"]
[Black "alterego"]
[Result "1-0"]
[WhiteElo "1831"]
[BlackElo "1739"]

1. c4 Nf6 2. g3 e5 3. Bg2 c6 4. d4 e4 5. Nc3 Bb4 6. Bg5 e3 7. Bxe3 O-O 8. Qb3
Na6 9. Nf3 d5 10. O-O Be6 11. Ne5 Qe7 12. cxd5 cxd5 13. Bg5 Nc7 14. Bxf6 Qxf6
15. Qxb4 Na6 16. Qxb7 Bg4 17. Nxd5 Qh6 18. Nxg4 Qg6 19. Ne7+ 1-0

[Event "Meow! #35W"]
[Site "http://www.queenalice.com/game.php?id=1114456"]
[Date "2012.10.21"]
[Round "-"]
[White "aspiemeow"]
[Black "DORLISS"]
[Result "0-1"]
[WhiteElo "1676"]
[BlackElo "1790"]

1. c4 e5 2. g3 Nc6 3. Bg2 g6 4. Nc3 Bg7 5. e4 Nf6 6. Nge2 d6 7. O-O O-O 8. f4
Bg4 9. h3 Be6 10. d3 Qd7 11. g4 exf4 12. Bxf4 Rfe8 13. Rb1 Bxg4 14. hxg4 Nxg4
15. Bh3 f5 0-1